[Event "The Asheboro Open XXII"]
[Site "?"]
[Date "2007.03.03"]
[Round "1"]
[White "Helton, Joe"]
[Black "Newsom, Gary"]
[Result "0-1"]
[WhiteElo "1743"]
[BlackElo "1992"]
[Annotator "Fritz 9 (30s)"]
[PlyCount "58"]
[SourceDate "2006.11.11"]

{C02: French: Advance Variation} 1. e4 e6 2. d4 d5 3. e5 c5 4. c3 Nc6 5. Nf3
Bd7 6. Bd3 Rc8 7. Be3 (7. a3 cxd4 8. cxd4 Qb6 9. O-O Nxd4 10. Nxd4 Qxd4 11. Nc3
a6 12. Qe2 Qb6 13. Kh1 Ne7 14. f4 g6 15. Be3 Qd8 16. Qf2 Nf5 17. Bxf5 gxf5 18.
Bb6 Qe7 19. Rac1 Bc6 20. Ne2 Qd7 21. Nd4 Bb5 {
Klauner,T (2200)-Rivas Pastor,M (2470)/Marbella 1982/MCD/1/2-1/2 (39)}) 7...
cxd4 8. Nxd4 $146 {A comfortable square for the white knight} (8. Bxd4 Nge7 (
8... Nxd4 9. Nxd4 Bc5 10. O-O Ne7 11. Nd2 Ng6 12. N2f3 Qb6 13. Bxg6 hxg6 14.
Qe2 a6 15. Rab1 Bxd4 16. Nxd4 Bb5 17. Nxb5 Qxb5 18. Qxb5+ axb5 19. Rbd1 Ke7 20.
Rd4 Rc4 21. Rfd1 Rhc8 22. a3 R8c6 23. Kf1 {
Miklos,R (1830)-Diesterweg,U (2035)/Hassloch 1999/EXT 2001/1/2-1/2 (37)}) 9.
Na3 Nf5 10. Nc2 Be7 11. O-O O-O 12. Qe2 a6 13. a4 Nfxd4 14. Ncxd4 Nxd4 15. Nxd4
Qe8 16. a5 f5 17. f4 Bc5 18. Kh1 Rf7 19. Rac1 Ba4 20. g4 g6 21. gxf5 gxf5 22.
Rg1+ Kh8 {
Kovachev,D (2066)-Timmermans,I (2213)/Port Erin 2003/CBM 096 ext/1/2-1/2 (42)})
(8. cxd4 Nb4 9. Nc3 Nxd3+ 10. Qxd3 a6 11. a3 Ne7 12. O-O Nf5 13. g4 Ne7 14. Nd2
h5 15. f3 Nc6 16. Rf2 g6 17. Nf1 Bh6 18. Ng3 Bxe3 19. Qxe3 hxg4 20. fxg4 Qh4
21. Qf4 Rf8 22. Rd1 Na5 {
Terwey,M (2065)-Hobusch,A/Recklinghausen 2002/CBM 089 ext/1-0 (36)}) (8. Bxd4
$142 $5 {should be examined more closely} Nge7 9. O-O $11) 8... Nxe5 $17 9. O-O
Nxd3 10. Qxd3 Nf6 11. Nd2 Be7 12. N2f3 O-O 13. Ne5 Qc7 14. f4 Ne4 (14... a6 15.
Rae1 $19) 15. Rf3 (15. c4 Rfd8 $17) 15... f6 (15... Bd6 $5 16. Nxd7 Qxd7 $19)
16. Nxd7 $15 Qxd7 17. f5 exf5 (17... e5 $142 $5 18. Ne6 Ng5 19. Bxg5 e4 $17)
18. Nxf5 $11 {Black king safety dropped.} Bc5 19. Raf1 (19. Rd1 Rfe8 20. Bxc5
Rxc5 $15) 19... Bxe3+ (19... Rfe8 $142 $5 $17) 20. Nxe3 $11 {
Attacking the isolated pawn on d5} ({Less advisable is} 20. Qxe3 g6 21. Nd4
Rfe8 $17) 20... Rfd8 21. Rf5 {The pressure on the isolated pawn grows. White
threatens to win material: Rf5xd5} Rc5 (21... Qc6 22. Re1 Kf8 23. Nxd5 Qc5+ 24.
Kf1 $11) 22. Rd1 (22. c4 Re8 $16) 22... Qe6 23. Rxd5 Rcxd5 24. Nxd5 Rd7 25. c4
f5 26. Qf3 Qe5 {Black threatens to win material: Qe5xb2} 27. Ne3 (27. a4 $5 $11
) 27... Rxd1+ 28. Nxd1 (28. Qxd1 $5 {is worth looking at} Nf6 29. Qd2 $15)
28... Qd4+ $17 29. Qe3 $4 {strolling merrily down the path to disaster} (29.
Ne3 $142 $17) 29... Qxd1+ (29... Qxd1+ 30. Qe1 Qxe1#) 0-1

[Event "The Asheboro Open XXII"]
[Site "?"]
[Date "2007.03.03"]
[Round "3"]
[White "Holmes, Adam"]
[Black "Hogue, Tanner"]
[Result "1-0"]
[WhiteElo "2027"]
[BlackElo "1627"]
[Annotator "Fritz 9 (30s)"]
[PlyCount "47"]
[SourceDate "2006.11.11"]

{B40: Sicilian: 2...e6, Unusual lines} 1. e4 c5 2. Nf3 e6 3. g3 d5 4. exd5 exd5
5. d4 Nc6 6. Bg2 Bg4 7. Qe2+ (7. O-O cxd4 8. c3 Bd6 9. h3 Bxf3 10. Qxf3 Nge7
11. Rd1 dxc3 12. Nxc3 d4 13. Nb5 Be5 14. Bf4 Qb8 15. Nxd4 Bxf4 16. Nxc6 bxc6
17. Qxf4 Qxf4 18. gxf4 Rd8 19. Re1 Rd6 20. Re3 Kd7 {
1/2-1/2 Tkachiev,V (2615)-Nunn,J (2620)/Hastings 1998/CBM 063}) 7... Be7 8. Qb5
$146 (8. dxc5 Nf6 9. O-O O-O 10. Qb5 Ne4 11. Qxb7 Rc8 12. Qb5 Nxc5 13. Be3 d4
14. Bc1 Re8 15. Nbd2 a6 16. Qc4 Be6 17. Qe2 Nb4 18. Nb3 Nxc2 19. Nxc5 Rxc5 20.
Rb1 Bxa2 21. b4 Rc8 22. Rb2 Bc4 {
Nogueira,I (2293)-Mortensen,E (2465)/Mallorca 2004/CBM 102 ext/0-1 (36)}) (8.
dxc5 Nf6 9. O-O O-O $11) 8... Qd7 (8... a6 $5 {should be considered} 9. Qd3
Bxf3 10. Qxf3 Nxd4 $15) 9. dxc5 $11 Qe6+ 10. Be3 (10. Kf1 $5 $11) 10... Bxf3
$15 11. Bxf3 d4 12. Qxb7 {Traps the king in the center} Rc8 13. Bd5 Qxd5 14.
Qxc8+ Nd8 15. O-O dxe3 16. b4 exf2+ 17. Rxf2 Qd1+ 18. Kg2 Qd5+ (18... Nf6 19.
Qa6 Qd5+ 20. Rf3 $17) 19. Rf3 Qe4 $4 {
not a good decision, because now the opponent is right back in the game} (19...
Bf6 20. c4 Qc6 21. Qxc6+ Nxc6 $11) 20. Qf5 $4 {
White threatens to win material: Qf5xe4. White is ruining his position} (20.
Nc3 $142 {White has a promising position} Qxc2+ 21. Kh1 $18) 20... Qxb4 $17 21.
c6 Qd6 22. Rc3 Nxc6 $4 {gives the opponent new chances} (22... Ne6 $142 23. Qb5
a6 24. Qxa6 Nf6 25. Qa8+ Bd8 $17) 23. Qb5 $18 Bf6 (23... Nf6 24. Rxc6 Qd7 25.
Rc8+ Bd8 $18) 24. Rxc6 (24. Rxc6 Qd7 25. Na3 $18) 1-0

[Event "The Asheboro Open XXII"]
[Site "?"]
[Date "2007.03.03"]
[Round "1"]
[White "Lovelace, Randy"]
[Black "Taylor, Joshua"]
[Result "1/2-1/2"]
[WhiteElo "2012"]
[BlackElo "1704"]
[PlyCount "91"]
[SourceDate "2006.11.11"]

1. d4 Nf6 2. Nf3 g6 3. Nc3 d5 4. Bf4 Bg7 5. e3 O-O 6. Be2 c6 7. h4 Nbd7 8. Ne5
Nxe5 9. Bxe5 Ne4 10. Bxg7 Nxc3 11. bxc3 Kxg7 12. Qd2 h6 13. h5 g5 14. f4 f6 15.
Qd3 Qe8 16. O-O-O Be6 17. g4 Bg8 18. Rhf1 Bh7 19. f5 e5 20. c4 dxc4 21. Qxc4
Bg8 22. Qb4 Rb8 23. Bc4 exd4 24. exd4 Bxc4 25. Qxc4 Qf7 26. Qa4 Rfe8 27. Rfe1
a6 28. Qb3 Qxb3 29. cxb3 Kf7 30. Kd2 Rxe1 31. Rxe1 Re8 32. Rg1 Ke7 33. Kd3 Kd6
34. a4 Kd5 35. Rc1 b6 36. a5 b5 37. Rc5+ Kd6 38. b4 Re7 39. d5 cxd5 40. Rc8 Re4
41. Ra8 Rxg4 42. Rxa6+ Ke5 43. Re6+ Kf4 44. Rxf6 Ke5 45. Rxh6 Kxf5 46. a6
1/2-1/2

[Event "The Asheboro Open XXII"]
[Site "?"]
[Date "2007.03.03"]
[Round "2"]
[White "McNeill, Jonathan"]
[Black "McAdams, Jeff"]
[Result "1-0"]
[WhiteElo "1379"]
[BlackElo "1531"]
[Annotator "Fritz 9 (40s)"]
[PlyCount "39"]
[SourceDate "2006.11.11"]

{B22: Sicilian: 2 c3} 1. e4 c5 2. c3 Nf6 3. e5 Nd5 4. d4 cxd4 5. Nf3 e6 6. cxd4
Nc6 7. Nc3 Bb4 8. Bd2 Nde7 (8... Nxc3 9. bxc3 Be7 10. Bd3 d6 11. exd6 Qxd6 12.
O-O e5 13. Nxe5 Nxe5 14. Bf4 Qc6 15. Bxe5 Qxc3 16. Bxg7 Rg8 17. Bb5+ Kd8 18.
Be5 Qb4 19. Rb1 Qa3 20. Rb3 Qa5 21. Qf3 Be6 22. Qxb7 Rc8 23. d5 {
Zarkovic,D (2090)-Kaps,D (2202)/Litohoto 1999/CBM 072 ext/1-0}) (8... Bxc3 9.
bxc3 O-O 10. Bd3 f5 11. h4 d6 12. Qe2 Qc7 13. Bb5 dxe5 14. Bxc6 Qxc6 15. Nxe5
Qe8 16. h5 b5 17. Qf3 Rb8 18. Qg3 f4 19. Qg4 Rf5 20. h6 g6 21. c4 Nf6 22. Qe2
bxc4 23. Bc3 {Billot,D (1900)-Bizzari,F/Metz FRA 2006/The Week in Chess 603/0-1
}) 9. Bd3 $146 (9. Nb5 Bxd2+ 10. Qxd2 O-O 11. Bd3 f5 12. Bc4 a6 13. Nd6 b5 14.
Be2 Rb8 15. O-O Bb7 16. a4 Na5 17. Qd1 Bc6 18. axb5 axb5 19. Qd3 Bd5 20. b4 Nc4
21. Nxc4 Bxc4 22. Qd2 Nd5 23. Rfb1 Bxe2 {
Lutz,A (2005)-Kowarsch,H (2035)/Bayern 1997/EXT 2000/1/2-1/2 (64)}) 9... O-O $4
{strolling merrily down the path to disaster} (9... d6 $142 10. Qe2 d5 $16) 10.
Bxh7+ $1 $18 {Demolishes the pawn shield} Kh8 (10... Kxh7 {Decoy to h7} 11.
Ng5+) 11. Bc2 (11. Ng5 $142 {makes sure everything is clear} Nf5 12. Qh5 $18)
11... Nf5 (11... d5 12. Ng5 g6 13. Qf3 $18) 12. O-O (12. d5 $142 {
and White can already relax} Nce7 13. Ng5 Bxc3 14. bxc3 $18 (14. Bxc3 $6 Nxd5
15. Bd2 Nh6 $18)) 12... Ncxd4 $4 {a blunder in a bad position} (12... d5 $18)
13. Nxd4 g6 (13... d5 {hardly improves anything} 14. Qg4 Be7 15. Rad1 $18) 14.
Nxf5 exf5 15. Bxf5 (15. Nd5 {might be the shorter path} Bxd2 16. Qxd2 Kh7 $18)
15... d5 (15... Qh4 {doesn't get the cat off the tree} 16. Bc2 d6 17. Re1 $18)
16. Bxc8 Rxc8 17. Nxd5 $1 {Theme: Clearance for d2-b4.} Bxd2 (17... Qxd5 {
Decoy theme: d5} 18. Bxb4) 18. Qxd2 Rc5 (18... Qh4 {
the last chance for counterplay} 19. f4 Kg7 $18) 19. Qh6+ Kg8 20. Nf6+ (20.
Nf6+ Qxf6 21. exf6 Rfc8 22. Qg7#) 1-0

[Event "The Asheboro Open XXII"]
[Site "?"]
[Date "2007.03.03"]
[Round "1"]
[White "Tiselsky, Eugene"]
[Black "Hogue, Tanner"]
[Result "0-1"]
[WhiteElo "1803"]
[BlackElo "1627"]
[Annotator "Fritz 9 (30s)"]
[PlyCount "63"]
[SourceDate "2006.11.11"]

{B85: Sicilian Scheveningen: 6 Be2 a6, lines with early Be3} 1. e4 c5 2. Nf3 e6
3. d4 cxd4 4. Nxd4 a6 5. Nc3 Qc7 6. Be2 d6 7. Be3 Nf6 8. a4 Nc6 9. O-O Be7 10.
Nb3 O-O 11. Kh1 Bd7 12. f4 Nb4 13. Bf3 Bc6 (13... Rac8 14. Rf2 e5 15. Rd2 Rfe8
16. a5 Be6 17. Ra4 Bxb3 18. cxb3 d5 19. fxe5 Nxe4 20. Nxd5 Qxe5 21. Bxe4 Qxe4
22. Bg1 Bc5 23. Nxb4 Bxg1 24. Nc2 Qe5 25. Kxg1 Qxb2 26. Nd4 Qc3 27. Nf3 Qe3+
28. Kf1 {Sokolov,A (2569)-Delchev,A (2583)/France 2003/CBM 095/1/2-1/2 (127)})
14. f5 $146 {This push gains space} (14. Nd4 d5 (14... Bd7 15. Qd2 e5 16. Nde2
Rfe8 17. a5 Rac8 18. Rfc1 Bf8 19. Ng3 exf4 20. Bxf4 Be6 21. Nf5 Bxf5 22. exf5
h6 23. Ra4 Nc6 24. Nd5 Qd8 25. Nb6 Rc7 26. h3 Ne5 27. Bd5 Rce7 28. Rd4 Ned7 29.
Nxd7 {
De la Villa Garcia,J (2440)-Franco Ocampos,Z (2480)/Spain 1993/TD/1/2-1/2 (31)}
) 15. e5 Ne4 16. Nxc6 Qxc6 17. Bd4 Rfd8 18. Qe2 Nc5 19. g4 Qc7 20. Qf2 Nd7 21.
Rae1 Nc6 22. Ne2 Nb4 23. Nc3 Nc6 24. Ne2 Nb4 25. Nc3 {
1/2-1/2 Matsuura,H-Resende,A (2320)/Cabo Frio 1984/EXT 2000}) (14. a5 d5 15. e5
Nd7 16. Rf2 Rfe8 17. Ne2 Bb5 18. Ned4 Nc6 19. Be2 Bxe2 20. Qxe2 Nxd4 21. Bxd4
Nc5 22. Bxc5 Bxc5 23. Qd3 Rac8 24. c3 g6 25. Rd2 {
1/2-1/2 Hornych,C-Sager,B/MVP 2000/EXT 2001}) (14. Nd4 $5 $14) 14... d5 $11 15.
exd5 Nbxd5 16. Nxd5 Bxd5 17. Bxd5 Nxd5 18. Bg1 Rad8 19. Qg4 e5 {
Black has a new passed pawn: e5} 20. Qe4 Nb4 (20... Nf6 $5 {
should not be overlooked} 21. Qe2 Rc8 $15) 21. f6 $14 gxf6 22. c3 {
White threatens to win material: c3xb4} Nd3 23. Be3 (23. Rf3 Nf4 $14 (23...
Nxb2 $4 {the pawn is indigestible} 24. Rh3 f5 25. Qxf5 $18)) 23... f5 (23...
Kh8 24. Rab1 $17) 24. Qxf5 (24. Rxf5 Qc6 25. Qg4+ Qg6 $11) 24... Qd7 (24... Qc8
25. Qf3 f5 26. Bd4 exd4 27. Qxd3 dxc3 28. Qg3+ Kh8 29. bxc3 $11) 25. Qh5 Qe6 {
Black threatens to win material: Qe6xb3} 26. Rf3 (26. Bh6 Rfe8 (26... Qxb3 {
mating quickly in 3} 27. Qg4+ Bg5 28. Qxg5+ Kh8 29. Qg7#) 27. Rf3 Kh8 (27...
Qxb3 {is to be avoided because of the following mate in 3} 28. Qg4+ Bg5 29.
Qxg5+ Kh8 30. Qg7#) (27... Nxb2 {again, the pawn cannot be taken} 28. Rg3+ Qg6
29. Rf1 $18) 28. Rxf7 Qg6 (28... Qxb3 {the knight remains invulnerable} 29.
Raf1 Nf2+ 30. R7xf2 $18) 29. Qxg6 hxg6 $14) 26... Kh8 {Loses material} (26...
Qxb3 $4 {the knight mustn't be touched} 27. Rh3 Nf2+ 28. Bxf2 $18) (26... Nxb2
$4 {it may look tempting but Black must resist capturing the pawn} 27. Rh3 Qg6
28. Rg3 $18) 27. Raf1 (27. Bh6 Rg8 (27... Qxb3 $2 {is tempting, but} 28. Bxf8
Rxf8 29. Rxd3 $18) 28. Rxf7 Rg6 $11 (28... Nxb2 $4 {will allow a snap mate in 3
} 29. Rxh7+ Kxh7 30. Bf8+ Qh6 31. Qxh6#)) 27... f6 {
Black has a new protected passed pawn: e5} (27... Qxb3 $4 {the knight is taboo}
28. Rh3 Nf2+ 29. Bxf2 $18) 28. Rh3 {White has a mate threat} Qf7 (28... Rf7
$142 29. Na5 Nxb2 30. Nxb7 Rg8 $17) 29. Rd1 $4 {
a weak move, ruining a winning position} (29. Qe2 $142 $11 {is the best chance}
) 29... Qxh5 $19 30. Rxh5 Nf2+ $3 {Clearance to allow d8-d1} 31. Bxf2 Rxd1+ 32.
Bg1 0-1

[Event "The Asheboro Open XXI"]
[Site "?"]
[Date "2007.02.10"]
[Round "2"]
[White "Holmes, Adam"]
[Black "Timmel, John"]
[Result "1-0"]
[WhiteElo "2023"]
[BlackElo "2055"]
[Annotator "Fritz 9 (30s)"]
[PlyCount "53"]
[SourceDate "2006.11.11"]

{A08: King's Indian Attack} 1. e4 e6 2. d3 d5 3. Nd2 c5 4. Ngf3 Nc6 5. g3 Bd6
6. Bg2 Nge7 7. O-O O-O 8. Re1 f6 9. exd5 exd5 10. d4 Bg4 (10... c4 11. Nf1 Bg4
12. Ne3 Bh5 13. Qd2 (13. c3 Rb8 14. g4 Bf7 15. Nh4 g6 16. Qf3 Kg7 17. Qh3 Re8
18. Kh1 Qc7 19. Rg1 Bf4 20. Bf3 Kh8 21. Nc2 b5 22. Qg2 g5 23. Nf5 Nxf5 24. gxf5
Ne7 25. Bxf4 Qxf4 26. Ne3 Nxf5 27. Nxd5 Qd6 {
Costantini,L (2068)-Burijovich,L (2212)/Mallorca 2004/CBM 102 ext/0-1 (40)})
13... Qd7 14. b3 b5 15. Nh4 g5 16. Nxd5 gxh4 17. Nxf6+ Rxf6 18. Qg5+ Rg6 19.
Qxh5 hxg3 20. hxg3 Bb4 21. Re4 Bc3 22. Rh4 Bxa1 23. Qxh7+ Kf8 24. bxc4 bxc4 25.
Ba3 {Gervasio,R (2336)-Santo Roman,M (2418)/Vichy 2000/EXT 2001/1-0}) 11. dxc5
$146 (11. h3 Bh5 12. dxc5 Bxc5 13. Nb3 Bb6 14. c3 Qd7 15. Be3 Bxe3 16. Rxe3
Rad8 17. Nc5 Qc7 18. Ne6 Qb6 19. Qb3 Bf7 20. Qxb6 axb6 21. Nxd8 Rxd8 22. Nd4
Kf8 23. Rae1 Rd7 24. Bf1 Bg6 25. Bd3 Bxd3 {
Haakert,J (2315)-Kiefer,G (2240)/Germany 1990/GER-chT2/1-0 (36)}) 11... Bxc5
12. Nb3 {White threatens to win material: Nb3xc5} Bb6 13. Be3 d4 {
Black threatens to win material: d4xe3} 14. Bd2 Qd7 15. a4 a5 {
White has a cramped position} 16. Qe2 Rad8 17. Qb5 {
White threatens to win material: Qb5xb6} Qc7 $4 (17... Nd5 $142 $14 {
the only rescuing move}) 18. Bf4 $18 Ne5 {Black plans d3} 19. Nxe5 (19. Bxe5 $6
fxe5 20. Nxe5 Be6 $18) 19... fxe5 20. Bxe5 (20. Rxe5 $142 {
and White can already relax} Nc8 21. h3 $18) 20... Qxc2 21. Bf4 (21. f3 $142
Be6 22. Qxb6 Qxb3 23. Bxd4 $18) 21... Qg6 $4 {solves nothing} (21... Nc8 22.
Rac1 Qg6 $16) 22. Rxe7 $18 d3 23. Rxb7 d2 (23... Bxf2+ {is not the saving move}
24. Kxf2 d2 25. Qc4+ Kh8 26. Nxd2 Rxd2+ 27. Kg1 $18) 24. Bd5+ (24. Qxb6 $6 {
is a weaker possibility} d1=Q+ 25. Rxd1 Rxd1+ 26. Bf1 Rxf1+ 27. Kxf1 Qd3+ 28.
Kg1 Qd1+ 29. Kg2 Qf3+ 30. Kg1 Re8 $11) (24. Nxd2 {is impossible} Bxf2+ {
Demolition of pawn structure} 25. Kh1 Bc8 $18) 24... Be6 (24... Kh8 {
the only chance to get some counterplay} 25. Qxb6 d1=R+ 26. Rxd1 Bxd1 27. Qxg6
hxg6 $18) 25. Rxb6 Rxd5 26. Qxd5 $1 {Annihilates a defender: d5} Bxd5 {
A pinning theme} 27. Rxg6 (27. Rxg6 d1=Q+ {Theme: Double Attack} 28. Rxd1 Bxb3
29. Rgd6 Bxd1 30. Rxd1 $18) 1-0

[Event "The Asheboro Open XXI"]
[Site "?"]
[Date "2007.02.10"]
[Round "1"]
[White "Jodrey, Joshua"]
[Black "Simpson, Ron"]
[Result "0-1"]
[WhiteElo "1896"]
[BlackElo "2320"]
[Annotator "Fritz 9 (30s)"]
[PlyCount "124"]
[SourceDate "2006.11.11"]

{C68: Ruy Lopez: Exchange Variation, sidelines} 1. e4 e5 2. Nf3 Nc6 3. Bb5 a6
4. Bxc6 dxc6 5. O-O Bg4 6. d3 Qf6 7. Be3 Bxf3 8. Qxf3 Qxf3 9. gxf3 Bd6 10. Nc3
(10. Nd2 Ne7 (10... O-O-O 11. Rfb1 f5 12. Nc4 f4 13. Bd2 Nh6 14. Bc3 Nf7 15.
Kf1 c5 16. Ke2 b5 17. Na5 Kd7 18. Bd2 Ng5 19. a3 Ne6 20. c3 Rb8 21. b4 Rhd8 22.
Nb3 Ke7 23. a4 bxa4 24. Rxa4 cxb4 25. cxb4 {
Johannesson,I (2263)-Nygren,K (2207)/Gausdal 2003/CBM 093 ext/1/2-1/2 (63)})
11. Kg2 O-O 12. Rg1 {
1/2-1/2 Velikov,P (2485)-Nogueiras,J (2495)/Plovdiv 1982/MCD}) 10... Ne7 11.
Ne2 Ng6 12. Rad1 $146 (12. d4 O-O-O 13. c3 Rhe8 14. Kh1 f6 15. Rad1 Nh4 16. Ng1
g5 17. Rd3 exd4 18. cxd4 Rd7 19. Rfd1 Rg7 20. Bd2 h5 21. Re1 c5 22. dxc5 Bxc5
23. Be3 Bd6 24. Rc1 Kb8 25. Bc5 Bxc5 26. Rxc5 Ng6 {
Llaneza Vega,V-Canteli Martinez,D (2060)/Asturias 2000/EXT 2002/0-1 (46)})
12... O-O-O 13. d4 (13. Kh1 $5 $11) 13... Nh4 $15 14. f4 exf4 15. Nxf4 Bxf4 16.
Bxf4 Nf3+ {Black forks: d4+g1} 17. Kg2 Nxd4 18. c3 {
White threatens to win material: c3xd4.} Ne6 {
Black threatens to win material: Ne6xf4} 19. Be3 Rxd1 20. Rxd1 Rd8 21. Rxd8+
Kxd8 22. f4 g6 23. Kf3 f5 24. e5 {White gets more space} (24. exf5 gxf5 25. b3
Ke7 $17) 24... c5 $17 25. Ke2 Kd7 26. Kd3 b6 27. h4 Nd8 28. a4 Ke6 29. b3 Nc6
30. c4 (30. Bf2 h6 $17) 30... h6 31. Kc3 a5 32. h5 $2 (32. Kd2 $142 $19) 32...
gxh5 33. Bf2 h4 34. Bxh4 Nd4 35. Kd3 (35. Bd8 h5 $19) 35... Nxb3 36. Bf2 Nc1+
37. Kd2 Na2 38. Bh4 Nb4 39. Bd8 Kd7 40. Bh4 Nc6 41. Kd3 (41. Ke2 {
does not help much} Nd4+ 42. Ke3 h5 $19) 41... Nd4 42. Bf2 Ne6 43. Bg3 Ke7 (
43... c6 {seems even better} 44. Ke3 $19) 44. Ke3 Kd7 (44... Nd4 {
makes it even easier for Black} 45. Bh4+ Kd7 46. Kd3 $19) 45. Kd3 Kc6 46. Bh2 (
46. Ke3 {does not solve anything} Kb7 $19) 46... Kb7 47. Bg3 c6 48. Bh2 Ka6 49.
Kc3 b5 50. Kb3 (50. Kd2 {does not improve anything} b4 $19) 50... Kb6 (50... b4
{keeps an even firmer grip} 51. Kb2 $19) 51. Bg3 (51. cxb5 {
does not win a prize} cxb5 52. axb5 Kxb5 $19) 51... Nd4+ 52. Kb2 b4 53. Bh4 Kc7
(53... h5 $142 {might be the shorter path} 54. Bf2 $19) 54. Be7 (54. Bf2 {
is no salvation} h5 $19) 54... Ne6 55. Kc2 Kd7 56. Bh4 Nxf4 57. Bf2 Ne6 58. Kd3
(58. Kd1 {is not much help} Nd4 $19) 58... h5 59. Ke2 (59. Be1 {
doesn't do any good} Nd4 60. e6+ Kxe6 $19) 59... Nd4+ 60. Kd3 Ke6 61. Bg3 b3
62. Kd2 b2 (62... b2 63. Bf2 b1=Q 64. Bxd4 cxd4 65. Ke2 Qc2+ 66. Kf3 h4 67. c5
f4 68. Kg4 Qg2+ 69. Kxh4 Kf5 70. e6 Qg4#) 0-1